Đời sống các loài thú

Uloženo v:
Podrobná bibliografie
Hlavní autor: Trần, Kiên
Médium: Kniha
Jazyk:Undetermined
Vydáno: Hà Nội Khoa học và Kỹ thuật 1979
Témata:
Tagy: Přidat tag
Žádné tagy, Buďte první, kdo otaguje tento záznam!
Thư viện lưu trữ: Trung tâm Học liệu Trường Đại học Cần Thơ
LEADER 00632nam a2200205Ia 4500
001 CTU_9343
008 210402s9999 xx 000 0 und d
082 |a 599 
082 |b K305 
100 |a Trần, Kiên 
245 0 |a Đời sống các loài thú 
245 0 |c Trần Kiên, Trần Thanh 
260 |a Hà Nội 
260 |b Khoa học và Kỹ thuật 
260 |c 1979 
526 |a Bảo vệ quyền lợi động vật,Tập tính vật nuôi 
526 |b NN758,NNN620 
650 |a Mammals 
904 |i Minh, 960926 
980 |a Trung tâm Học liệu Trường Đại học Cần Thơ